Представление документа в формате MARC21

Поле Инд. ПП Название Значение
Тип записи a
Библиографический уровень a
001 Контрольный номер RU/IS/BASE/475750737
005 Дата корректировки 20180409143121.3
020 a ISBN 978-5-7609-0905-3
040 a Служба первич. каталог. НБ ТвГУ
b Код языка каталог. rus
e Правила каталог. PSBO
041 0_ a Код языка текста rus
098 b Факультет Межфакультетское отделение иностранных языков
c Кафедра иностранных языков естественных факультетов
100 1_ a Автор Мурашкина Эльвира Вячеславовна
q Полное имя Мурашкина Э. В.
245 10 a Заглавие Комплимент как эзотерическая языковая игра
260 a Место издания Тверь
b Издательство Тверской государственный университет
c Дата издания 2014
504 a Библиография Библиогр.: с. 139 (5 назв.)
520 a Аннотация Статья посвящена комплименту как эзотерическая языковая игра. Статья посвящена проблеме комплимента как эзотерической языковой игре, что вносит конструктивный вклад комплимента в процессе диалога. Изучение личности через язык и языка через личность).
653 a Ключевые слова Диалог
a Ключевые слова Игровая природа
a Ключевые слова Комплимент
a Ключевые слова Личность
a Ключевые слова Образование
a Ключевые слова Труды Тверского государственного университета
a Ключевые слова Языковая игра
773 08 w Контрольный № источника RU/IS/BASE/468666481
t Название источника Языковой дискурс в социальной практике
d Место и дата издания Тверь : Тверской государственный университет, 2014
g Прочая информация С. 136-139
856 u URL http://texts.lib.tversu.ru/texts/09512t.pdf
x Примечание для ЭОР Справка УИС 2014
i Дата подключения ЭОР 2014
i Дата подключения ЭОР 2014
x Примечание для ЭОР Реестр суммарного учета сетевых локальных документов
901 t Тип документа a
920 a Оператор Кома